Nouvelle grammarie francaise, sur un plan tres-metodique, avec de nombreux exercices d`ortographe, de syntaxe et de ponctuation (Запис номер 161252)
[ съкратено ]
| 000 -Лидер | |
|---|---|
| Контролно поле с фиксирана дължина | nam a22 a 4500 |
| 003 - Код на организацията, давaща контролен номер | |
| Контролно поле | BLK |
| 005 - Дата и час на последна редакция | |
| Контролно поле | 20201028095815.0 |
| 008 - Елементи от данни с фиксирана дължина | |
| fixed length control field | 180410b bul|||||r ||||||| ||bul|| |
| 010 ## - Наследен системен номер | |
| LC control number | KNG00168561000 |
| 040 ## - Източник на каталожния запис | |
| Идентификатор на билиотеката - собственик на записа | BLK |
| 041 ## - Код за език | |
| Код за езика на текст/звукозапис или на отделно заглавие | Френски |
| Код за езика КДБФ | Френски |
| 072 #7 - Код за тематичната категория | |
| Код организация | bullib |
| Код за тематична категория | Ц |
| Текст | Редки и ценни |
| 080 ## - УДК | |
| Текстов определител УДК | Френски език |
| УДК код - определител по УДК | 811.133.1 |
| УДК определител | -5 |
| УДК - код + определител | 811.133.1-5 |
| 100 1# - Редна дума - Автор | |
| Автор | Noel, Michel |
| Авторска отговорност | първи автор |
| R(LIN) | 301508 |
| 139 ## - Редно поле | |
| Редна дума | Noel, Michel |
| Авторски знак | No - N 73 |
| 245 10 - Сведения за заглавието | |
| Заглавие | Nouvelle grammarie francaise, sur un plan tres-metodique, avec de nombreux exercices d`ortographe, de syntaxe et de ponctuation |
| Подзаглавни данни | Grammaire |
| Редно поле (дума) | Michel Noel; съавт. Madeleine Chapsal. |
| 250 ## - Област на изданието | |
| Сведения за изданието | 55. изд. |
| 257 ## - Страна на издаване | |
| Страна на създаване/издаване | Франция |
| 260 ## - Област на издателските данни | |
| Име на издателя, разпространителя и проч. | Maire-Nyon |
| Година на издаване | 1874 |
| Място на издаване, разпространение и проч. | Paris |
| 300 ## - Физическа характеристика | |
| Страници | 220 p. |
| Размери/Мащаб | 18 см |
| 380 ## - Жанр | |
| Жанр | Езикознание. Филология |
| 490 ## - СЕРИИ (Колекции) | |
| 9 (RLIN) | 435080 |
| Име на серия | Колекция Редки и ценни издания |
| 650 #4 - Допълнително описание по предмет – тема | |
| Основно описание – тема или топоним | Френски език - граматика |
| 9 (RLIN) | 255761 |
| 653 ## - Ключова дума – ненормативна | |
| Ключова дума | френски език |
| 653 ## - Ключова дума – ненормативна | |
| Ключова дума | граматика |
| 659 ## - Тематичен бюлетин | |
| Тематичен бюлетин | Ц |
| 700 1# - Други автори (авторска отговорност) | |
| Лично име | Chapsal, Madeleine |
| Автороска отговорност (Описва отношението между автора и произведението) | съавт. |
| 9 (RLIN) | 381713 |
| 852 ## - Местоположение | |
| Форматна сигнатура | Рф 874 |
| Фондова буква | Редки и ценни |
| 856 4# - Електронен адрес и достъп | |
| Електронен формат | pdf - файл |
| 999 ## - СИСТЕМНИ КОНТРОЛНИ НОМЕРА | |
| Koha biblionumber | 161252 |
| Koha biblioitemnumber | 161252 |
| 942 ## - АРТИКУЛИ | |
| Вид на библиотечния материал | Книги |
| Скрит в OPAC | Не |
| Периодичен библиозапис | Да |
| 944 ## - СЪЗДАВАНЕ И РЕДАКЦИЯ на ЗАПИСА | |
| Създаване/Редакция | Създаване |
| Дата на регистрацията/редакция | 10.12.2014 |
| Служител, извършил регистрацията/редакцията | Христина_Везирева |
| 944 ## - СЪЗДАВАНЕ И РЕДАКЦИЯ на ЗАПИСА | |
| Създаване/Редакция | Редакция |
| Дата на регистрацията/редакция | 2020-10-28 |
| Служител, извършил регистрацията/редакцията | Ренета Константинова |
| 999 ## - СИСТЕМНИ КОНТРОЛНИ НОМЕРА | |
| Koha biblioitemnumber | 161252 |
| Код за отписване | Код за изгубен артикул | Източник на класификационната схема | Код за повреда | Коз за рестрикции | Код за отдаване | Артикулен № | Име на библиотеката - собственик | Име на библиотеката, в която се намира в момента | Статус (Текущо местоположение) | Дата на вписване в системата | Местоположение - отдел | Цена в лева | Инвентарен номер | Систематично азбучна сигнатура | Баркод | Номер на екземпляра | Цена в евро | Служебна бележка | Служебен тип на артикула |
|---|---|---|---|---|---|---|---|---|---|---|---|---|---|---|---|---|---|---|---|
| Не е изгубен | Universal Decimal Classification | Не е повреден | само за читалня | Специални фондове ( старопечатни, редки и ценни, фонд М. Арнаудов) | 269452 | Регионална библиотека "Любен Каравелов" Русе | Регионална библиотека "Любен Каравелов" Русе | Редки и ценни | 1874-01-01 | Редки и ценни | 0.44 | 16580 | Рф 874 | 900000037747 | 1 | 0.22 | Дост: DA Вид: Сф Дата: 01.01.1874 Дата инв: 14.12.2016 Бележки инв: Рц2016 | Книги |